000 00370pab a2200145 454500
008 180718b1990 xxu||||| |||| 00| 0 eng d
100 _aDutta, Sujit
245 _aSino - Indian relations
_bProspects and trends
260 _c1990
300 _a501-16
362 _aAug.
650 _aIndia - Foreign Relations - China
773 _aStrategic Analysis
909 _a10830
999 _c10830
_d10830